Statistics for France 23-man Euros 2016 Squad

Click here to take the quiz!

General Stats

  • This quiz has been taken 403 times
  • The average score is 16 of 23

Answer Stats

PositionTeamPlayer% Correct
GKTottenhamHugo Lloris
99%
STAtletico MadridAntoine Griezmann
89%
STManchester UnitedAnthony Martial
88%
CM/LWWest Ham UnitedDimitri Payet
87%
STArsenalOlivier Giroud
87%
CBReal MadridRaphael Varane
87%
CMLeicester CityNgolo Kante
86%
CMJuventusPaul Pogba
86%
GKMarseilleSteve Mandanda
84%
LW/RWBayern MunichKingsley Coman
81%
LBJuventusPatrice Evra
80%
CBArsenalLaurent Koscielny
75%
RBManchester CityBacary Sagna
74%
STTigresAndre Pierre Gignac
70%
CMParis Saint-GermainBlaise Matuidi
70%
CBManchester CityEliaquim Mangala
64%
CMNewcastle UnitedMoussa Sissoko
64%
CMCrystal PalaceYohan Cabaye
59%
LBRomaLucas Digne
55%
CBBarcelonaMathieu
53%
GKRennesBenoit Costil
38%
RBLyonChristophe Jallet
35%
CMMarseilleLassana Diarra
30%

Score Distribution

Percentile by Number Answered

Percent of People with Each Score

Your Score History

You have not taken this quiz